Medzinárodný cestovný ruch v 21. storočí medzinárodná konferencia

Enregistré dans:
Détails bibliographiques
Collectivité auteur: Obchodná fakulta EU. Katedra služieb a cestovného ruchu - zrušené
Format: Livre
Langue:slovaque
anglais
allemand
tchèque
Publié: Bratislava JAMEX 2000
Sujets:
Tags: Ajouter un tag
Pas de tags, Soyez le premier à ajouter un tag!

MARC

LEADER 00000nam a2200000 4500
001 c123637
005 20240104101415.9
020 |a 80-967910-6-0 
041 0 |a slo 
041 0 |a eng 
041 0 |a ger 
041 0 |a cze 
044 |a SK 
245 1 0 |a Medzinárodný cestovný ruch v 21. storočí  |b medzinárodná konferencia 
264 1 |a Bratislava  |b JAMEX  |c 2000 
300 |a 503 s. 
610 2 0 |a ruch cestovný 
610 2 0 |a ruch cestovný aktívny 
610 2 0 |a ruch cestovný domáci 
610 2 0 |a ruch cestovný medzinárodný 
610 2 0 |a ruch cestovný mestský 
610 2 0 |a ruch cestovný vidiecky 
610 2 0 |a ruch cestovný zahraničný 
610 2 0 |a hotelierstvo 
610 2 0 |a hotely 
610 2 0 |a reštaurácie 
610 2 0 |a podnikanie malé 
610 2 0 |a podnikanie stredné 
610 2 0 |a spolupráca cezhraničná 
610 2 0 |a agroturistika 
610 2 0 |a preprava 
610 2 0 |a obchod elektronický 
610 2 0 |a príroda 
610 2 0 |a územia chránené 
610 2 0 |a Slovensko 
610 2 0 |a Európa 
610 2 0 |a Európska únia 
710 2 |a Obchodná fakulta EU. Katedra služieb a cestovného ruchu - zrušené